00646nam a2200169 a 450000100100000000500170001000800410002704000250006808200210009324501140011425000110022826000420023930000210028170000320030295201250033499900170045900001818820200929165407.0760405s1968 sp 000 0 spa d aDO-SdBNPbspacBNPHU axxxbA634n, 196800aAntología de novelas de anticipación :bciencia-ficción espanola /cselección de Ana María Perales. a2a ed. aBarcelona :bEdiciones Acervo,c1968. a418 p. ;c20 cm.1 aPerales, Ana María939396 001054708MOaGRbGRcCTd2010-04-20iLF1l0oxxx A634n, 1968p18188-10r2020-06-25w2020-06-25y4ZPréstamo en sala c17709d17709